पवलाई / (Record no. 118036)

MARC details
000 -LEADER
fixed length control field 01205nam a22002657a 4500
005 - DATE AND TIME OF LATEST TRANSACTION
control field 20170124103105.0
010 ## - LIBRARY OF CONGRESS CONTROL NUMBER
LC control number B-069704
020 ## - INTERNATIONAL STANDARD BOOK NUMBER
Terms of availability 125.00
International Standard Book Number 8126702044
035 ## - SYSTEM CONTROL NUMBER
System control number B-069704
037 ## - SOURCE OF ACQUISITION
Source of stock number/acquisition Cen Lib/Ret
040 ## - CATALOGING SOURCE
Original cataloging agency DPL
Language of cataloging HN
082 ## - DEWEY DECIMAL CLASSIFICATION NUMBER
Classification number
Item number चिन्नप्प
100 ## - MAIN ENTRY--PERSONAL NAME
Personal name चिन्नप्प भारती
9 (RLIN) 78056
245 ## - TITLE STATEMENT
Title पवलाई /
Statement of responsibility, etc चिन्नप्प भारती ; अनुवादक विजयलक्ष्मी सुंदरराजन
246 ## - VARYING FORM OF TITLE
Title proper/short title Pavlaai
Remainder of title by Chinnapp Bharti ; Vijay Laxmi Sundarrajan
260 ## - PUBLICATION, DISTRIBUTION, ETC. (IMPRINT)
Place of publication, distribution, etc नई दिल्ली
Name of publisher, distributor, etc राजकमल प्रकाशन
Date of publication, distribution, etc 2001
270 ## - ADDRESS
Address 1-बी नेता जी सुभाष मार्ग
City नई दिल्ली
Postal code 110002
300 ## - PHYSICAL DESCRIPTION
Extent 127पृष्ठ.
Dimensions 20सेमी(सजिल्द)
650 ## - SUBJECT ADDED ENTRY--TOPICAL TERM
Topical term or geographic name as entry element हिंदी साहित्य
9 (RLIN) 78057
650 ## - SUBJECT ADDED ENTRY--TOPICAL TERM
Topical term or geographic name as entry element हिंदी उपन्यास
9 (RLIN) 78058
650 ## - SUBJECT ADDED ENTRY--TOPICAL TERM
Topical term or geographic name as entry element Hindi literature
9 (RLIN) 78059
650 ## - SUBJECT ADDED ENTRY--TOPICAL TERM
Topical term or geographic name as entry element Hindi novel
9 (RLIN) 78060
700 ## - ADDED ENTRY--PERSONAL NAME
Personal name सुन्दरराजन , विजयलक्ष्मी
9 (RLIN) 42919
942 ## - ADDED ENTRY ELEMENTS (KOHA)
Source of classification or shelving scheme Dewey Decimal Classification
Koha item type Hindi Books
Classification part
Call number suffix चिन्नप्प
Holdings
Withdrawn status Lost status Damaged status Not for loan Home library Current library Date acquired Source of acquisition Cost, normal purchase price Total Checkouts Full call number Barcode Date last seen Copy number Cost, replacement price Price effective from Koha item type Source of classification or shelving scheme Collection code Shelving location
        Central Library Central Library 09/09/2015 Cen Lib /Ret 125.00   उ चिन्नप्प B-069704 09/09/2015 1 125.00 09/09/2015 Hindi Books      
        Patel Nagar Patel Nagar 31/03/2003 BPPD/PUB 125.00   उ चिन्नप्प B-069705 10/02/2020 1 125.00 10/02/2020 Hindi Books Dewey Decimal Classification Fiction Fiction

© Delhi Public Library
Hit Counter
free hit counter